Most Popular Smash Bros Characters Outside of Smash - Statistics

General Stats
  • This quiz has been taken 23 times
  • The average score is 11 of 15
Answer Stats
Rank Answer % Correct
1. Mario
100%
3. Donkey Kong
93%
9. Peach
93%
8. Luigi
86%
13. Samus
86%
7. Bowser
79%
12. Kirby
79%
5. Pikachu
79%
4. Sonic
79%
10. Link
71%
11. Yoshi
71%
2. Pac-Man
64%
14. Snake
57%
6. Steve
43%
15. Ryu
21%
No matching quizzes found
Score Distribution
Percent of People with Each Score
Percentile by Number Answered
Your Score History
You have not taken this quiz